000 00439nam a22001817a 4500
003 MPLRDC
005 20220104124107.0
008 210129b ||||| |||| 00| 0 eng d
082 _a868.71 YB
100 _a雅波
245 _a逐浪
_c
250 _a初版
260 _a
_b文运企业
_c1992
300 _b
490 _a大马福联会暨雪兰莪福建会馆资助丛书
650 _a马华文学
942 _cBK
_o868.71 YB
999 _c16595
_d16585